[Event "Dewan Astana Karnival op (Women)"]
[Site "Dewan Astana"]
[Date "2015.07.31"]
[Round "5"]
[White "Tan, Yee Fan"]
[Black "Ng, Yik Ru"]
[Result "1-0"]
[WhiteElo "1503"]
[BlackElo "1342"]
[PlyCount "67"]
[EventDate "2015.07.29"]
[EventType "swiss"]
[EventRounds "7"]
[EventCountry "MAS"]
[SourceTitle "EXT 2017"]
[Source "ChessBase"]
[SourceDate "2016.10.25"]
[SourceVersion "1"]
[SourceVersionDate "2016.10.25"]
[SourceQuality "1"]

1. e4 e5 2. Nf3 Nc6 3. Bc4 Nf6 4. Nc3 h6 5. d3 Be7 6. a3 0-0 7. 0-0 d6 8. h3 a6 9. Be3 b5 10. Ba2 Bb7 11. Nh2 Nd4 12. f4 c5 13. fxe5 dxe5 14. Bxd4 exd4 15. Ne2 Bd6 16. Rf3 Bc8 17. Nf1 Be6 18. Bxe6 fxe6 19. Nfg3 Qc7 20. Qd2 Nh7 21. Rxf8+ Rxf8 22. Nf1 Qf7 23. Neg3 Qg6 24. Qe1 h5 25. e5 Bc7 26. Qe2 h4 27. Qe4 Qg5 28. Ne2 Bxe5 29. Qg4 Qf6 30. g3 Qf2+ 31. Kh1 hxg3 32. Nfxg3 Nf6 33. Qxe6+ Kh8 34. Qxe5 1-0

[Event "Dewan Astana Karnival op (Women)"]
[Site "Dewan Astana"]
[Date "2015.07.30"]
[Round "2"]
[White "Ng, Yik Ru"]
[Black "Nur Intan, Liyana"]
[Result "1-0"]
[WhiteElo "1342"]
[BlackElo "1512"]
[PlyCount "64"]
[EventDate "2015.07.29"]
[EventType "swiss"]
[EventRounds "7"]
[EventCountry "MAS"]
[SourceTitle "EXT 2017"]
[Source "ChessBase"]
[SourceDate "2016.10.25"]
[SourceVersion "1"]
[SourceVersionDate "2016.10.25"]
[SourceQuality "1"]

1. d4 d5 2. Nf3 Nf6 3. Nc3 e6 4. e3 Bd6 5. Be2 0-0 6. 0-0 a6 7. h3 Nbd7 8. a3 c6 9. Re1 e5 10. dxe5 Nxe5 11. b4 Nxf3+ 12. Bxf3 Be5 13. Bb2 Qc7 14. Rb1 Bf5 15. Ne2 Bxb2 16. Rxb2 Rad8 17. c3 Be4 18. Ng3 Qe5 19. Bxe4 Nxe4 20. Nxe4 dxe4 21. Qc2 Rd3 22. Rc1 Rfd8 23. Rb3 Rd2 24. Qb1 f5 25. Rb2 R2d3 26. Rb3 f4 27. exf4 Qxf4 28. Rb2 h6 29. Re2 Rd2 30. Rxd2 Rxd2 31. Rf1 Rd3 32. Qc2 Qe5 1-0